[Event "Klaipeda Sea 15th"]
[Site "Klaipeda"]
[Date "2018.07.23"]
[Round "1"]
[White "Asauskas, Henrikas"]
[Black "Laurusas, Tomas"]
[Result "0-1"]
[WhiteElo "2318"]
[BlackElo "2465"]
[PlyCount "62"]
[EventDate "2018.07.23"]
[EventType "tourn"]
[EventRounds "9"]
[EventCountry "LTU"]
[EventCategory "3"]
[SourceTitle "CBM 185 Extra"]
[Source "ChessBase"]
[SourceDate "2018.07.29"]
[SourceVersion "1"]
[SourceVersionDate "2018.07.29"]
[SourceQuality "1"]

1. e4 c5 2. Nf3 e6 3. d4 cxd4 4. Nxd4 a6 5. Nc3 Qc7 6. g4 Nc6 7. Be3 d6 8. f4 Nf6 9. g5 Nd7 10. Bh3 Nc5 11. f5 Ne5 12. 0-0 Nc4 13. Qe2 Nxe3 14. Qxe3 Qb6 15. fxe6 Nxe6 16. Nd5 Qxd4 17. Nc7+ Nxc7 18. Qxd4 Bxh3 19. Qc3 Bxf1 20. Qxc7 Bh3 21. Qxb7 Rd8 22. Re1 Be7 23. e5 d5 24. Qc6+ Bd7 25. Qxd5 0-0 26. h4 Be6 27. Qg2 Bc5+ 28. Kh2 Rd4 29. Re4 Bd5 30. Rxd4 Bxg2 31. Rc4 Ba3 0-1

[Event "LTU-chT 0910"]
[Site "Lithuania"]
[Date "2010.04.11"]
[Round "9.31"]
[White "Asauskas, Henrikas"]
[Black "Bucinskas, Valdas"]
[Result "0-1"]
[WhiteElo "2345"]
[BlackElo "2360"]
[PlyCount "68"]
[EventDate "2009.11.07"]
[EventType "team-tourn"]
[EventRounds "9"]
[EventCountry "LTU"]
[SourceTitle "EXT 2022"]
[Source "ChessBase"]
[SourceDate "2021.10.06"]
[SourceVersion "1"]
[SourceVersionDate "2021.10.06"]
[SourceQuality "1"]
[WhiteTeam "Plunge Bokstas"]
[BlackTeam "Vilnius Chess United"]
[WhiteTeamCountry "LTU"]
[BlackTeamCountry "LTU"]

1. e4 e5 2. f4 exf4 3. Nf3 d6 4. d3 g5 5. h4 g4 6. Nd4 Qf6 7. Nb5 Na6 8. Bd2 f3 9. Bc3 Qf4 10. Qd2 Qxd2+ 11. Nxd2 fxg2 12. Bxg2 f6 13. Nc4 h5 14. 0-0 Be7 15. a4 Kd7 16. Bd4 Nb4 17. Bxa7 Bd8 18. c3 Nxd3 19. Rad1 Ne5 20. Nxe5+ fxe5 21. Rf7+ Ne7 22. Bf1 b6 23. Bc4 Rh6 24. Rf8 Bb7 25. Bf7 Bxe4 26. Be8+ Kc8 27. Bxb6 Kb7 28. Be3 Rh7 29. Rxd6 Bd5 30. Rdf6 Nc8 31. Rf5 Be7 32. Rxe5 Bxf8 33. Rxd5 Re7 34. Bf4 Nb6 0-1

[Event "LTU-chT 0910"]
[Site "Lithuania"]
[Date "2010.02.14"]
[Round "7.21"]
[White "Asauskas, Henrikas"]
[Black "Neiksans, Arturs"]
[Result "0-1"]
[WhiteElo "2345"]
[BlackElo "2487"]
[PlyCount "62"]
[EventDate "2009.11.07"]
[EventType "team-tourn"]
[EventRounds "9"]
[EventCountry "LTU"]
[SourceTitle "EXT 2022"]
[Source "ChessBase"]
[SourceDate "2021.10.06"]
[SourceVersion "1"]
[SourceVersionDate "2021.10.06"]
[SourceQuality "1"]
[WhiteTeam "Plunge Bokstas"]
[BlackTeam "Panevezys"]
[WhiteTeamCountry "LTU"]
[BlackTeamCountry "LTU"]

1. e4 e5 2. f4 Nf6 3. Nf3 Nxe4 4. d3 Nc5 5. fxe5 d5 6. Bg5 Be7 7. Bxe7 Qxe7 8. d4 Ne4 9. Nbd2 Bg4 10. Bd3 Bxf3 11. Qxf3 Qh4+ 12. g3 Nxd2 13. Kxd2 Qxd4 14. Raf1 0-0 15. e6 Nc6 16. exf7+ Kh8 17. c3 Qe5 18. Bb5 d4 19. Bxc6 bxc6 20. cxd4 Qa5+ 21. Kc1 Qxa2 22. Qa3 Qe6 23. Kb1 Rad8 24. Rf4 g5 25. Rff1 Kg7 26. Ka1 Rxd4 27. Re1 Qd6 28. Qxa7 c5 29. Rhf1 Qc6 30. Kb1 Ra4 31. Re6 Qb5 0-1

[Event "LTU-chT 4th 0809"]
[Site "Lithuania"]
[Date "2009.03.14"]
[Round "8.31"]
[White "Asauskas, Henrikas"]
[Black "Rositsan, Boris"]
[Result "1-0"]
[WhiteElo "2323"]
[BlackElo "2228"]
[PlyCount "21"]
[EventDate "2008.11.08"]
[EventType "team"]
[EventRounds "9"]
[EventCountry "LTU"]
[SourceTitle "EXT 2024"]
[Source "ChessBase"]
[SourceDate "2023.10.10"]
[SourceVersion "1"]
[SourceVersionDate "2023.10.10"]
[SourceQuality "1"]

1. e4 e5 2. f4 d5 3. exd5 e4 4. d3 Nf6 5. dxe4 Nxe4 6. Nf3 Bb4+ 7. c3 Bc5 8. Qa4+ Nd7 9. Qxe4+ Kf8 10. Be3 Nf6 11. Bxc5+ 1-0

[Event "LTU-chT 4th 0809"]
[Site "Lithuania"]
[Date "2009.03.01"]
[Round "7.41"]
[White "Pileckis, Emilis"]
[Black "Asauskas, Henrikas"]
[Result "1-0"]
[WhiteElo "2472"]
[BlackElo "2323"]
[PlyCount "91"]
[EventDate "2008.11.08"]
[EventType "team"]
[EventRounds "9"]
[EventCountry "LTU"]
[SourceTitle "EXT 2024"]
[Source "ChessBase"]
[SourceDate "2023.10.10"]
[SourceVersion "1"]
[SourceVersionDate "2023.10.10"]
[SourceQuality "1"]

1. Nf3 Nf6 2. c4 g6 3. Nc3 Bg7 4. e4 0-0 5. d4 d6 6. Be2 e5 7. 0-0 exd4 8. Nxd4 Re8 9. f3 c6 10. Kh1 Nbd7 11. Bg5 Qb6 12. Nb3 a5 13. Qd2 a4 14. Be3 Nc5 15. Nxc5 dxc5 16. Qc2 a3 17. b3 Nd7 18. Rad1 Nf8 19. Na4 Rxa4 20. bxa4 Ne6 21. Rb1 Bb2 22. Bd3 Nd4 23. Bxd4 cxd4 24. f4 c5 25. f5 Bd7 26. Rf3 Re5 27. Qd2 Qd8 28. Rbf1 g5 29. f6 Kh8 30. Rg3 Bc3 31. Qd1 Qg8 32. Be2 Rxe4 33. Bg4 Bc6 34. Bf5 Rh4 35. Qc1 h6 36. Qxa3 Qf8 37. Qc1 Qd6 38. Rh3 Qxf6 39. Rxh4 gxh4 40. Be4 Qg5 41. Qxg5 hxg5 42. Bxc6 bxc6 43. Rxf7 d3 44. Rf3 d2 45. Rd3 Kg7 46. Kg1 1-0

[Event "EU-Cup 23rd"]
[Site "Kemer"]
[Date "2007.10.09"]
[Round "7.1"]
[White "Haznedaroglu, Kivanc"]
[Black "Asauskas, Henrikas"]
[Result "1-0"]
[WhiteElo "2468"]
[BlackElo "2320"]
[PlyCount "97"]
[EventDate "2007.10.03"]
[EventType "team-swiss"]
[EventRounds "7"]
[EventCountry "TUR"]
[SourceTitle "CBM 121"]
[Source "ChessBase"]
[SourceDate "2007.11.14"]
[SourceVersion "1"]
[SourceVersionDate "2007.11.14"]
[SourceQuality "1"]
[WhiteTeam "Turk Hava Yollari"]
[BlackTeam "Plunge Bokstas"]
[WhiteTeamCountry "TUR"]
[BlackTeamCountry "LTU"]

1. e4 e5 2. Nf3 Nc6 3. Bb5 f5 4. Nc3 Nf6 5. Qe2 Bc5 6. exf5 Qe7 7. d3 Nd4 8. Nxd4 Bxd4 9. Be3 c6 10. Ba4 a5 11. a3 b5 12. Bb3 a4 13. Ba2 Bxc3+ 14. bxc3 d5 15. 0-0 Bxf5 16. f4 e4 17. Rfe1 Rd8 18. Bb6 0-0 19. h3 h5 20. Qf2 Qd7 21. Rad1 Kh7 22. c4 dxc4 23. Bxd8 Rxd8 24. dxc4 Qxd1 25. Rxd1 Rxd1+ 26. Kh2 Ra1 27. Qc5 Kg6 28. cxb5 Rxa2 29. bxc6 e3 30. c7 e2 31. Qxf5+ Kxf5 32. c8Q+ Kxf4 33. Qc4+ Ke3 34. Qc3+ Kf4 35. Qf3+ Kg5 36. Qxe2 Rxa3 37. Qe7 Ra2 38. Qxg7+ Kf5 39. Qc7 a3 40. Qc3 Kg6 41. Qb3 Ra1 42. c4 Rc1 43. Qd3+ Kg7 44. Qg3+ Kh7 45. Qf4 Re1 46. Qxf6 a2 47. Qf7+ Kh6 48. Qf4+ Kg6 49. Qg3+ 1-0

[Event "EU-Cup 23rd"]
[Site "Kemer"]
[Date "2007.10.07"]
[Round "5.1"]
[White "Asauskas, Henrikas"]
[Black "Thorfinnsson, Bragi"]
[Result "1-0"]
[WhiteElo "2320"]
[BlackElo "2404"]
[PlyCount "47"]
[EventDate "2007.10.03"]
[EventType "team-swiss"]
[EventRounds "7"]
[EventCountry "TUR"]
[SourceTitle "CBM 121"]
[Source "ChessBase"]
[SourceDate "2007.11.14"]
[SourceVersion "1"]
[SourceVersionDate "2007.11.14"]
[SourceQuality "1"]
[WhiteTeam "Plunge Bokstas"]
[BlackTeam "Reykjavik Hellir"]
[WhiteTeamCountry "LTU"]
[BlackTeamCountry "ISL"]

1. e4 c5 2. Nf3 d6 3. d4 cxd4 4. Nxd4 Nf6 5. Nc3 g6 6. Be3 a6 7. Bc4 Nbd7 8. Qd2 b5 9. Bd5 Nxd5 10. Nxd5 Bb7 11. 0-0-0 Rc8 12. h4 h6 13. h5 g5 14. Nf5 e6 15. Rhe1 exd5 16. exd5 Ne5 17. Bd4 Kd7 18. Bxe5 dxe5 19. Rxe5 Qf6 20. Rde1 Bd6 21. Nxd6 Kxd6 22. R1e3 Kc7 23. b3 b4 24. R3e4 1-0

[Event "LTU-chT Final-A 0607"]
[Site "Vilnius"]
[Date "2007.05.20"]
[Round "3.1"]
[White "Asauskas, Henrikas"]
[Black "Slapikas, Vytautas"]
[Result "1-0"]
[WhiteElo "2264"]
[BlackElo "2351"]
[PlyCount "44"]
[EventDate "2007.05.19"]
[EventType "team-k.o."]
[EventRounds "3"]
[EventCountry "LTU"]
[SourceTitle "EXT 2022"]
[Source "ChessBase"]
[SourceDate "2021.10.06"]
[SourceVersion "1"]
[SourceVersionDate "2021.10.06"]
[SourceQuality "1"]
[WhiteTeam "Plunge Bokstas"]
[BlackTeam "Kaunas Montalitus"]
[WhiteTeamCountry "LTU"]
[BlackTeamCountry "LTU"]

1. e4 c6 2. d4 d5 3. f3 g6 4. Nc3 Bg7 5. Be3 Na6 6. Qd2 Nc7 7. 0-0-0 Be6 8. Nge2 Qd7 9. Nf4 h5 10. h3 h4 11. Kb1 Nf6 12. Be2 Nh5 13. Rhe1 0-0-0 14. Nxh5 Rxh5 15. Bf1 c5 16. e5 c4 17. b3 Kb8 18. f4 cxb3 19. axb3 Bf5 20. Kb2 Rc8 21. Ra1 Ne6 22. Ra5 b6 1-0

[Event "LTU-chT Final-A 0607"]
[Site "Vilnius"]
[Date "2007.05.19"]
[Round "2.1"]
[White "Malisauskas, Vidmantas"]
[Black "Asauskas, Henrikas"]
[Result "1-0"]
[WhiteElo "2505"]
[BlackElo "2264"]
[PlyCount "91"]
[EventDate "2007.05.19"]
[EventType "team-k.o."]
[EventRounds "3"]
[EventCountry "LTU"]
[SourceTitle "EXT 2022"]
[Source "ChessBase"]
[SourceDate "2021.10.06"]
[SourceVersion "1"]
[SourceVersionDate "2021.10.06"]
[SourceQuality "1"]
[WhiteTeam "Vilkaviskis Sirvinta"]
[BlackTeam "Plunge Bokstas"]
[WhiteTeamCountry "LTU"]
[BlackTeamCountry "LTU"]

1. e4 e5 2. Nf3 Nc6 3. Bb5 f5 4. Nc3 Nf6 5. Qe2 Bb4 6. exf5 Qe7 7. Bxc6 dxc6 8. Qxe5 Qxe5+ 9. Nxe5 Bxf5 10. d3 0-0 11. 0-0 Rae8 12. Nc4 Ng4 13. Ne3 Bc5 14. Nxg4 Bxg4 15. Ne4 Re5 16. Be3 Be7 17. Rfe1 h6 18. Bd4 Rd5 19. Nc3 Rd7 20. Rxe7 Rxe7 21. Bc5 Re5 22. Bxf8 Kxf8 23. f3 Be6 24. Kf2 Kf7 25. Re1 Rc5 26. Re2 a5 27. a3 b6 28. g4 b5 29. Ne4 Rd5 30. b4 a4 31. Kg3 Rd8 32. h4 Ba2 33. Nc3 Be6 34. Re5 Rd4 35. f4 g6 36. Rc5 Bd7 37. h5 g5 38. Ne4 gxf4+ 39. Kxf4 Kg7 40. g5 hxg5+ 41. Kxg5 Rd5+ 42. Rxd5 cxd5 43. Nc5 Bc8 44. c3 c6 45. d4 Bh3 46. Nd3 1-0

[Event "EU-ch 8th"]
[Site "Dresden"]
[Date "2007.04.05"]
[Round "3"]
[White "Bindrich, Falko"]
[Black "Asauskas, Henrikas"]
[Result "1-0"]
[WhiteElo "2469"]
[BlackElo "2264"]
[PlyCount "169"]
[EventDate "2007.04.03"]
[EventType "swiss"]
[EventRounds "11"]
[EventCountry "GER"]
[SourceTitle "CBM 118"]
[Source "ChessBase"]
[SourceDate "2007.05.31"]
[SourceVersion "1"]
[SourceVersionDate "2007.05.31"]
[SourceQuality "1"]

1. Nf3 Nf6 2. d4 g6 3. Bg5 Bg7 4. Nbd2 d5 5. e3 0-0 6. c3 Nbd7 7. Be2 c6 8. 0-0 Re8 9. c4 Qb6 10. Qa4 Ne4 11. Nxe4 dxe4 12. Nd2 e5 13. Nxe4 exd4 14. Nd6 Re6 15. Nxc8 Rxc8 16. Qc2 Rce8 17. Rad1 Nc5 18. Bf4 dxe3 19. Bxe3 Rxe3 20. fxe3 Qxb2 21. Qxb2 Bxb2 22. Rf3 h5 23. Bd3 Kg7 24. Bc2 Re7 25. Kf1 Bf6 26. Rb1 Bg5 27. Rg3 Kh6 28. Ke2 f5 29. Rf3 Kg7 30. g3 Re5 31. h3 Bd8 32. Rd1 Be7 33. Rd4 Kh6 34. g4 fxg4 35. hxg4 h4 36. Rf7 Bg5 37. Kf3 Re6 38. Rd1 Bf6 39. Kf2 Kg5 40. Ke2 Be5 41. Rf8 h3 42. Rdf1 Bd6 43. Rg8 Ne4 44. Bxe4 Rxe4 45. Rf5+ Kxg4 46. Rf6 Be7 47. Rgxg6+ Kh5 48. Rh6+ Kg5 49. Rfg6+ Kf5 50. Rg3 Rxc4 51. Rgxh3 Bg5 52. Rh7 Rc2+ 53. Kf3 Rc3 54. Ke2 Rc2+ 55. Kd3 Rxa2 56. Rg3 Ra3+ 57. Kc2 Ra2+ 58. Kd1 Ra5 59. Rxb7 Re5 60. Ke2 a5 61. Rc7 Rc5 62. Kd3 Bf6 63. Rg8 Ke6 64. Rg6 Kf5 65. Rh6 Ke6 66. Ra7 Rf5 67. Ra6 Rc5 68. Ke2 Ke7 69. Ra8 Re5 70. Ra7+ Ke6 71. Rc7 Rc5 72. Kd3 Rc3+ 73. Ke4 Rc4+ 74. Kf3 a4 75. Ra7 Rb4 76. Ra6 Rc4 77. Ke2 Rc2+ 78. Kd3 Rc3+ 79. Kd2 Rc4 80. Ra7 Rb4 81. Ra6 Rc4 82. Ra5 Ke7 83. Kd3 Rc3+ 84. Ke4 Rc4+ 85. Kf5 1-0

[Event "LTU-ch"]
[Site "Vilnius"]
[Date "2006.03.21"]
[Round "5"]
[White "Vaznonis, Vytautas"]
[Black "Asauskas, Henrikas"]
[Result "1/2-1/2"]
[WhiteElo "2193"]
[BlackElo "2309"]
[PlyCount "100"]
[EventDate "2006.03.18"]
[EventType "tourn"]
[EventRounds "11"]
[EventCountry "LTU"]
[EventCategory "5"]
[SourceTitle "CBM 111 Extra"]
[Source "ChessBase"]
[SourceDate "2006.05.09"]
[SourceVersion "1"]
[SourceVersionDate "2006.05.09"]
[SourceQuality "1"]

1. Nf3 f5 2. g3 Nf6 3. Bg2 g6 4. b3 Bg7 5. Bb2 0-0 6. 0-0 d6 7. d4 Qe8 8. c4 h6 9. d5 c5 10. Nc3 Bd7 11. Ne1 g5 12. Nd3 Qg6 13. e3 Na6 14. a4 Rf7 15. f3 Nc7 16. Nb5 Nce8 17. b4 cxb4 18. Qb3 a5 19. c5 Nh7 20. f4 Bxb2 21. Qxb2 Bxb5 22. axb5 dxc5 23. Ne5 Qf6 24. Qc2 Rg7 25. Qxc5 Nf8 26. b6 gxf4 27. exf4 Ra6 28. d6 Qxd6 29. Qc8 Qxb6+ 30. Kh1 Nf6 31. Rad1 e6 32. Rd8 N6h7 33. Nd7 Qxd8 34. Qxd8 Rxd7 35. Qc8 b3 36. Qc4 a4 37. Bxb7 Rb6 38. Bc8 Rd2 39. Qxa4 b2 40. Rb1 Nf6 41. Qa5 Rbd6 42. Qb4 Rd1+ 43. Kg2 Rxb1 44. Qxd6 Re1 45. Bxe6+ Rxe6 46. Qb4 Re2+ 47. Kf3 Rxh2 48. Qb6 Ng4 49. Qg6+ Kh8 50. Qg7+ Kxg7 1/2-1/2

[Event "Krakow op-A"]
[Site "Krakow"]
[Date "2005.12.28"]
[Round "2"]
[White "Asauskas, Henrikas"]
[Black "Heberla, Bartlomiej"]
[Result "0-1"]
[WhiteElo "2309"]
[BlackElo "2465"]
[PlyCount "94"]
[EventDate "2005.12.27"]
[EventType "swiss"]
[EventRounds "9"]
[EventCountry "POL"]
[SourceTitle "CBM 110 Extra"]
[Source "ChessBase"]
[SourceDate "2006.03.10"]
[SourceVersion "2"]
[SourceVersionDate "2006.03.10"]
[SourceQuality "1"]

1. e4 Nc6 2. Nc3 e6 3. d4 Bb4 4. Nf3 Nf6 5. Bd3 d5 6. exd5 exd5 7. 0-0 0-0 8. h3 Re8 9. Bg5 Bxc3 10. bxc3 Qd6 11. Bxf6 Qxf6 12. Rb1 b6 13. Re1 Bd7 14. Qd2 Bxh3 15. Bxh7+ Kxh7 16. Ng5+ Kg8 17. Nxh3 Na5 18. Rxe8+ Rxe8 19. Re1 Re6 20. Rxe6 Qxe6 21. Qg5 f6 22. Qg3 Qe1+ 23. Kh2 Qe7 24. Nf4 Qd6 25. Qf3 c6 26. g3 Qd7 27. Qh5 Nc4 28. Ng6 Nd6 29. Qh8+ Kf7 30. Qh5 Qf5 31. Ne5+ Ke6 32. Qxf5+ Kxf5 33. Nxc6 Nb5 34. a4 Nxc3 35. Nxa7 Ke4 36. Kg2 Kxd4 37. a5 bxa5 38. Nc6+ Kc5 39. Nxa5 Nb5 40. Kf1 Nd4 41. c3 Kb6 42. Nc4+ dxc4 43. cxd4 Kc6 44. Ke2 Kd5 45. Ke3 f5 46. f3 g5 47. f4 g4 0-1

[Event "Keres Memorial-B"]
[Site "Tallinn"]
[Date "2005.09.04"]
[Round "9"]
[White "Shlykov, Vitali"]
[Black "Asauskas, Henrikas"]
[Result "1/2-1/2"]
[WhiteElo "2213"]
[BlackElo "2348"]
[PlyCount "22"]
[EventDate "2005.08.30"]
[EventType "tourn (rapid)"]
[EventRounds "9"]
[EventCountry "EST"]
[EventCategory "4"]
[SourceTitle "CBM 108 Extra"]
[Source "ChessBase"]
[SourceDate "2005.11.04"]
[SourceVersion "1"]
[SourceVersionDate "2005.11.04"]
[SourceQuality "1"]

1. e4 c5 2. Nc3 Nc6 3. Nge2 g6 4. d4 cxd4 5. Nxd4 Bg7 6. Be3 d6 7. Bc4 Nf6 8. f3 0-0 9. Qd2 Bd7 10. 0-0-0 Ne5 11. Bb3 Rc8 1/2-1/2

[Event "EU-ch 6th"]
[Site "Warsaw"]
[Date "2005.07.01"]
[Round "13"]
[White "Asauskas, Henrikas"]
[Black "Abergel, Thal"]
[Result "1-0"]
[WhiteElo "2357"]
[BlackElo "2456"]
[PlyCount "61"]
[EventDate "2005.06.18"]
[EventType "swiss"]
[EventRounds "13"]
[EventCountry "POL"]
[SourceTitle "CBM 108"]
[Source "ChessBase"]
[SourceDate "2005.09.26"]
[SourceVersion "1"]
[SourceVersionDate "2005.09.26"]
[SourceQuality "1"]

1. e4 c5 2. Nf3 Nc6 3. d4 cxd4 4. Nxd4 Nf6 5. Nc3 d6 6. Bc4 e6 7. Bb3 a6 8. Be3 Qc7 9. Qe2 Na5 10. 0-0-0 b5 11. Kb1 Nxb3 12. cxb3 Be7 13. g4 Bb7 14. f3 0-0 15. g5 Nd7 16. h4 b4 17. Na4 Nc5 18. g6 hxg6 19. h5 g5 20. Rhg1 Nxa4 21. bxa4 d5 22. Bxg5 Kh8 23. e5 Rg8 24. Qe3 Bxg5 25. Rxg5 Qe7 26. Rdg1 Rac8 27. Qf4 a5 28. Rg6 Qf8 29. Rh1 Ba6 30. h6 Bd3+ 31. Ka1 1-0